01150nas a2200241Ia 4500001001100000003000900011008004100020040001300061040001300074041001200087100004700099210002900146222002900175245015700204250001100361260004100372501008600413300001000499310001500509362008100524500026000605650004300865R124/45088IT-RoPAU151124c99999999xx |||||||||||| ||und|| aIT-RoPAU cIT-RoPAU aINGLESE aHealey Joseph G.gCodice Aut. SPICS: 30600 aMULTIMEDIA INTERNATIONAL aMultimedia International aMULTIMEDIA, N.10 (COMMUNICATIONS ON THE LOCAL LEVEL: AN AFRICAN EXPERIMENT)bMultimedia, N.10 (Communications On The Local Level: An African Experiment) a1a ed. aROMAbMULTIMEDIA INTERNATIONALc1973 bPaulus - SPICS - Società San Paolo EM (non-commercial uses only)cCopyright2015 a16 p. aBIMESTRALE aANNO 002, N.10 (COMMUNICATIONS ON. THE LOCAL LEVEL: AN. AFRICAN. EXPERIMENT) aComunicazioni a Livello Locale: Esperimento Africano. Attività dell'Ufficio Regionale Delle Comunicazioni. Comunicazioni Multimediali in Sviluppo: Processo Dello Sviluppo, Uso Coordinato e Differenti Significati di Comunicazione. Feedback e Valutazione. aCOMUNICAZIONEvPUBBLICAZIONE PERIODICA